Giáo trình kĩ thuật trồng một số loài cây rừng Sách dành cho cao đẳng Sư phạm

Giới thiệu kỹ thuật cơ bản về trồng một số loài cây phổ biển ở nước ta như thông nhựa, bạch đàn uroo, keo lai và một số loài cây rừng khác để người nông dân tự chọn cho phù hợp với nhu cầu và điều kiện cụ thể của từng địa phương...

Celý popis

Uloženo v:
Podrobná bibliografie
Hlavní autor: Phùng Ngọc Lan
Médium: Kniha
Jazyk:Vietnamese
Vydáno: H. Đại học Sư phạm 2007
Témata:
Tagy: Přidat tag
Žádné tagy, Buďte první, kdo otaguje tento záznam!
Thư viện lưu trữ: Mạng thư viện Đại học Đà Nẵng
LEADER 01617nam a2200349 4500
001 000009236
003 5431
005 20170424140437.0
008 111025s2007 viesd
041 0 |a vie 
082 |a 634.971  |b PH-L 
100 0 |a Phùng Ngọc Lan 
245 0 |a Giáo trình kĩ thuật trồng một số loài cây rừng  |b Sách dành cho cao đẳng Sư phạm  |c B.s.: Phùng Ngọc Lan (ch.b.), Nguyễn Xuân Quát 
260 |a H.  |b Đại học Sư phạm  |c 2007 
300 |a 98tr.  |b minh hoạ  |c 24cm 
500 |a Đầu bìa sách ghi: Bộ Giáo dục và Đào tạo. Dự án Đào tạo Giáo viên THCS. LOAN No 1718 - VIE (SF) 
504 |a Thư mục: tr. 87 
520 |a Giới thiệu kỹ thuật cơ bản về trồng một số loài cây phổ biển ở nước ta như thông nhựa, bạch đàn uroo, keo lai và một số loài cây rừng khác để người nông dân tự chọn cho phù hợp với nhu cầu và điều kiện cụ thể của từng địa phương 
653 |a giáo trình 
653 |a kĩ thuật trồng rừng 
653 |a cây rừng 
910 |a Võ Quang Huy  |d 25/10/2011 
OWN |a LSP 
AVA |a UDN50  |b LSP  |d 634.971 PH-L  |e check_holdings  |t Error 5003 Not defined in file expand_doc_bib_avail.  |h N  |k 1 
999 |a From the UDN01 
AVA |a UDN50  |b LSP  |d 634.971 PH-L  |e available  |t Error 5001 Not defined in file expand_doc_bib_avail.  |f 14  |g 0  |h N  |i 0  |k 1 
TYP |a Monograph 
TYP |a Printed language 
980 |a Mạng thư viện Đại học Đà Nẵng